MDQL
is popping MORE tags! Check the
thread
!
Quizzes
Events
Quiz Creation
Community
Videos
Private Events
Remove Ads
Sign In
Join for FREE
Feedback
Dark Mode
Quiz Categories
Sports
Geography
Music
Movies
Television
Just For Fun
Miscellaneous
History
Literature
Language
Science
Gaming
Entertainment
Religion
Holiday
For Kids
Quiz Lab
Recent
Popular Today
Quiz Kudos Today
Editor Picks
Curator Picks
Quizzes by...
Day
Popularity
Type
Ratings
Length
Year
Community
Subscriptions
Recent Discussions
Orange Saloon
Badges
Playlists
Quests
Create
Leaderboards
Showdown
Live 5
Trivia Bingo
Activity
Puzzle Library
Sporcle Events
Private Events
Virtual Trivia
Globe League
Become a Host
Pub Owners
SporcleCon
Opinionation
Our Games
Videos
Blog
Mobile Apps
Partnerships
Remove Ads and Go Orange
Feedback
Music
Pop Music
The Beatles
Song
Album
Lyrics
Bands
Singers
Artist
Clip
Rock
Rap
Classical
Billboard
Country Music
Kpop
Taylor Swift
Music
Pop Music
The Beatles
Song
Album
Lyrics
Bands
Singers
Artist
Clip
Rock
Rap
Classical
Billboard
Country Music
Kpop
Taylor Swift
Random Quiz
Search Sporcle
×
Quiz Lab
Quiz Lab
Music
Song
Type in answers that appear in a list
Type in answers that appear in a list
Classic
Best Score? Go Orange.
Don't Stop Believin' Lyrics Stats
Can you name the lyrics to Don't Stop Believin' by Journey?
By
blackberry14
10m
188 Questions
3,982 Plays
3,982 Plays
3,982 Plays
Comments
Comments
Give Quiz Kudos
Give Quiz Kudos
-
- Ratings
hide this ad
More Info
Replay
Link that replays current quiz
Next Quiz
Link to next quiz in quiz playlist
You Got
0%
They Got
Avg Score
86%
Avg Friend Score
Upgrade to see
Score Distribution
Jump to the score distribution portion of the page
Score
0/188
Timer
10:00
0
Plays Today
% Correct
A
99.5%
A
99.5%
A
99.5%
A
99.5%
A
99.5%
A
99.5%
A
99.5%
A
99.5%
To
98.9%
To
98.9%
To
98.9%
To
98.9%
To
98.9%
That
98.9%
That
98.9%
To
98.9%
To
98.9%
In
98.8%
The
98.8%
In
98.8%
The
98.8%
In
98.8%
The
98.8%
The
98.8%
In
98.8%
The
98.8%
In
98.8%
The
98.8%
The
98.8%
The
98.8%
The
98.8%
The
98.8%
The
98.8%
In
98.8%
The
98.8%
In
98.8%
Just
98.3%
Just
98.3%
Just
98.3%
Just
98.3%
Just
98.3%
And
98.1%
And
98.1%
And
98.1%
And
98.1%
And
98.1%
And
98.1%
And
98.1%
And
98.1%
And
98.1%
And
98.1%
Girl
98%
Livin'
97.6%
Boy,
97.5%
Small
97.5%
World
97.4%
Town
97.2%
Train
96.9%
Train
96.9%
Lonely
96.9%
Goin'
96.8%
Goin'
96.8%
Midnight
96.8%
% Correct
Midnight
96.8%
On
96.5%
On
96.5%
On
96.5%
On.
96.5%
On
96.5%
On
96.5%
On
96.5%
On.
96.5%
On
96.5%
On
96.5%
On
96.5%
Anywhere.
96.4%
Anywhere.
96.4%
City
96.3%
She
96.3%
He
96.1%
South
95.9%
Took
95.7%
Took
95.7%
Detroit,
95.7%
Born
95.4%
Born
95.4%
Raised
95.2%
Night,
91.8%
Night.
91.8%
Night.
91.8%
Night.
91.8%
Night.
91.8%
Of
90.7%
It
90.2%
It
90.2%
Win,
89.9%
Goes
89.8%
Goes
89.8%
Perfume.
89.4%
Smell
88.9%
Cheap
88.7%
Wine
87.8%
Room,
87.6%
Sing
87.3%
Don't
86.2%
Don't
86.2%
Don't
86.2%
Stop
85.9%
Stop
85.9%
Stop
85.9%
People,
85.6%
People
85.6%
People
85.6%
People,
85.6%
People.
85.6%
Believin',
85.3%
Believin',
85.3%
Believin',
85.3%
Some
85.1%
Some
85.1%
Some
85.1%
Smoky
83.5%
Streetlight
82.7%
Streetlight
82.7%
Streetlight
82.7%
Streetlight
82.7%
% Correct
Streetlight
82.7%
Blues.
80.1%
Hold
79.6%
Hold
79.6%
Hold
79.6%
Feelin',
79.6%
Feelin',
79.6%
Down
79.5%
Down
79.5%
Will
79.3%
Will
79.3%
Lose,
79.2%
Strangers
79.1%
Strangers
79.1%
Boulevard,
79%
Boulevard,
79%
Were
78.8%
Up
77.2%
Up
77.2%
They
77.2%
For
76.3%
Find
75%
Find
75%
Shadows
74.8%
Shadows
74.8%
Singer
74.8%
Can
74.4%
Share
73.5%
Emotion,
73.2%
Emotion,
73.2%
Waiting,
70.9%
Waiting,
70.9%
Searching
70.7%
Searching
70.7%
Somewhere
69.7%
Somewhere
69.7%
Time.
68%
One
66.4%
More
65.4%
Living
65.3%
Living
65.3%
Smile
65.2%
Never
64%
Ends,
62.6%
Hiding
61.1%
Hiding
61.1%
Their
60.4%
Their
60.4%
Movie
60.2%
Dice,
58.4%
Roll
58.3%
Get
56.5%
Thrill.
56.5%
Wants
56.1%
Everybody
55.9%
My
55.6%
Oh,
54.8%
Hard
53.5%
Working
53%
Fill,
50.2%
Anything
49.3%
Payin'
39.2%
Quiz Playlist
Details
Report
Send in Message
Add To Playlist
More Info:
Don't stop believin' while your taking this quiz!
Classic:
Type in answers that appear in a list
Last Updated: Feb 16, 2017
Quiz Scoreboard
CHALLENGE
Sign Up to Join the Scoreboard
Show All
Scores
Hide
Comments
May contain spoilers
Recently Published
Holiday 10x10 Sorting Gallery
by lukepisani3
Holiday
15m
Two Season TV Shows II
by 123Four
Television
10m
Image Sorting: Flags VI
by Barbecue
Geography
2m
More to Explore
Quiz From the Vault
Featured Blog Post
14 Easter Pick-up Lines to Find Eggs With
hide this ad
You Might Also Like...
Tags
Song Quiz
Believin
Journey
stop
Today's Top Quizzes in Music
Browse Music
hide this ad
Today's Top Quizzes in Song
Browse Song
Top Contributed Quizzes in Music
1
5X2 Blitz: Bands II
2
Taylor Swift All Songs (2024)
3
5X2 Blitz: The Beatles
4
5X2 Blitz: Billboard
5
Music Artist by Three 2010s hits
6
5X2 Blitz: Billboard II
7
5X2 Blitz: Album
8
5X2 Blitz: Rock
9
5X2 Blitz: Singers
10
5X2 Blitz: Lyrics
Explore More
Trending Topics
Anime
Kpop
NBA
Crossword
Marvel
Disney
Harry Potter
NFL
The Office
Country
Puzzle
Pokémon
Song
Soccer
WWE
hide this ad
More By:
blackberry14
Quiz
Plays
Rating
Category
Featured
Created
Harry Potter Emails
10,609
3.51
Literature
Jul 19, 2010
Don't Stop Believin' Lyrics
3,982
4.56
Music
Jun 19, 2011
Harry Potter Twitter
763
2.75
Just For Fun
Jun 20, 2011
'C' Bands
365
2.80
Music
Jul 19, 2010
'B' Bands
360
3.27
Music
Jul 18, 2010
Go to Creator's Profile
Score Distribution
Quiz Creator Spotlight
blackberry14
Follow
Send a Message
Quizzes Created
-
Created Quiz Play Count
-
More By This Creator
Popular Quizzes Today
1
Find the US States - No Outlines Minefield
2
Colored Red Africa Blitz
3
Find the 'City' Movie
4
The Countries of the World
5
Find the US States
6
5x2 Blitz: Bands
7
Find the Countries of Europe - No Outlines Minefield
8
US States
More Music Quizzes
70's Songs Missing 'A' Words
Curator's Pick
Trending Quizzes
Colored Red Europe Blitz I
Colored Red Europe Blitz II
Colored Red Africa Blitz II
Colored Red Europe Blitz III
Colored Red Africa Blitz III
Recently Updated
Odd Team Out - Big 4 Players
pecheneg
Quick Pick: 20 Twenties
pecheneg
March Madness Men's Triple Doubles
pecheneg
How Do You Spell That?
pecheneg
Godzilla Movies
pecheneg
Grab Bag: 4-10 Letters
pecheneg
2024 March Madness Bracket
pecheneg
Famous TV Couples
Peacemaker
Champions League XIs: Real Madrid
pecheneg
Largest US Cities 1790-2010
pecheneg
Trending Topics
Crossword
Kpop
Marvel
NBA
Anime
Disney
Harry Potter
WWE
Song
Soccer
Country
NFL
Puzzle
Pokémon
The Office
Your Account Isn't Verified!
In order to create a playlist on Sporcle, you need to verify the email address you used during registration. Go to your
Sporcle Settings
to finish the process.
Report this User
Report this user for behavior that violates our
Community Guidelines
.
Details:
Send Report
Go to the Sporcle.com Mobile Site →
Comments